<?xml version="1.0" encoding="UTF-8"?>
<record
    xmlns:xsi="http://www.w3.org/2001/XMLSchema-instance"
    xsi:schemaLocation="http://www.loc.gov/MARC21/slim http://www.loc.gov/standards/marcxml/schema/MARC21slim.xsd"
    xmlns="http://www.loc.gov/MARC21/slim">

  <leader>00677nam a22001937a 4500</leader>
  <datafield tag="999" ind1=" " ind2=" ">
    <subfield code="c">170903</subfield>
    <subfield code="d">170903</subfield>
  </datafield>
  <controlfield tag="005">20191230131058.0</controlfield>
  <datafield tag="010" ind1=" " ind2=" ">
    <subfield code="a">A-645052</subfield>
  </datafield>
  <datafield tag="020" ind1=" " ind2=" ">
    <subfield code="c">20.00</subfield>
    <subfield code="a">-</subfield>
  </datafield>
  <datafield tag="035" ind1=" " ind2=" ">
    <subfield code="a">A-645052</subfield>
  </datafield>
  <datafield tag="037" ind1=" " ind2=" ">
    <subfield code="b">BPPD</subfield>
  </datafield>
  <datafield tag="082" ind1=" " ind2=" ">
    <subfield code="a">843.08</subfield>
  </datafield>
  <datafield tag="100" ind1=" " ind2=" ">
    <subfield code="a">&#x648; &#x6C1;&#x627; &#x628; &#x627; &#x634;&#x631; &#x641;&#x6CC; </subfield>
  </datafield>
  <datafield tag="245" ind1=" " ind2=" ">
    <subfield code="a">&#x631; &#x627; &#x62C;&#x646;&#x62F; &#x631; &#x633;&#x646;&#x6AF;&#x6BE; &#x628;&#x64A;&#x62F; &#x6CC; &#x6A9;&#x6CC; &#x627; &#x641;&#x633;&#x627; &#x646;&#x6C1; &#x646;&#x6AF;&#x627;  &#x631; &#x6CC; </subfield>
    <subfield code="c">&#x648; &#x6C1;&#x627; &#x628; &#x627; &#x634;&#x631; &#x641;&#x6CC; </subfield>
  </datafield>
  <datafield tag="246" ind1=" " ind2=" ">
    <subfield code="a">Rajinder Singh Bedi Ki Afsana Nigari  (Urdu)</subfield>
    <subfield code="b">by Wahab Ashrafi </subfield>
  </datafield>
  <datafield tag="260" ind1=" " ind2=" ">
    <subfield code="a">-</subfield>
    <subfield code="c">1994 &#x621; </subfield>
    <subfield code="b">Educational Publishing House </subfield>
  </datafield>
  <datafield tag="270" ind1=" " ind2=" ">
    <subfield code="a">3108,Gali Azizuddin,Kucha Pandit,Lal Kuan</subfield>
    <subfield code="b">Delhi </subfield>
    <subfield code="k">526162</subfield>
    <subfield code="e">110006</subfield>
  </datafield>
  <datafield tag="300" ind1=" " ind2=" ">
    <subfield code="a">87 &#x635;</subfield>
    <subfield code="c">22 cm(hb)</subfield>
  </datafield>
  <datafield tag="942" ind1=" " ind2=" ">
    <subfield code="2">ddc</subfield>
    <subfield code="c">UR</subfield>
    <subfield code="h">843.08</subfield>
    <subfield code="m">&#x628; &#x6D2; &#x62F;  </subfield>
  </datafield>
  <datafield tag="952" ind1=" " ind2=" ">
    <subfield code="0">0</subfield>
    <subfield code="1">0</subfield>
    <subfield code="4">0</subfield>
    <subfield code="7">0</subfield>
    <subfield code="8">NFIC</subfield>
    <subfield code="a">L</subfield>
    <subfield code="b">L</subfield>
    <subfield code="d">2019-12-30</subfield>
    <subfield code="e">BPPD/Ven.</subfield>
    <subfield code="g">20.00</subfield>
    <subfield code="l">0</subfield>
    <subfield code="o">843.08 &#x628; &#x6D2; &#x62F;</subfield>
    <subfield code="p">A-645052</subfield>
    <subfield code="r">2019-12-30 00:00:00</subfield>
    <subfield code="t">1</subfield>
    <subfield code="v">20.00</subfield>
    <subfield code="w">2019-12-30</subfield>
    <subfield code="y">UR</subfield>
  </datafield>
</record>
